Out of the Shadows (Record no. 352387)
[ view plain ]
| 000 -LEADER | |
|---|---|
| fixed length control field | 00584nam a2200121Ia 4500 |
| 008 - FIXED-LENGTH DATA ELEMENTS--GENERAL INFORMATION | |
| fixed length control field | 171212s9999 xx 000 0 und d |
| 020 ## - INTERNATIONAL STANDARD BOOK NUMBER | |
| International Standard Book Number | 9780833082336 |
| 100 ## - MAIN ENTRY--PERSONAL NAME | |
| Personal name | Dunigan, Molly;Farmer, Carrie M.;Burns, Rachel M.;Hawks, Alison;Setodji, Claude Messan |
| 245 ## - TITLE STATEMENT | |
| Statement of responsibility, etc | Dunigan, Molly;Farmer, Carrie M.;Burns, Rachel M.;Hawks, Alison;Setodji, Claude Messan |
| Title | Out of the Shadows |
| Remainder of title | The Health and Well-Being of Private Contractors Working in Conflict Environments |
| 260 ## - PUBLICATION, DISTRIBUTION, ETC. (IMPRINT) | |
| Name of publisher, distributor, etc | RAND Corporation |
| Date of publication, distribution, etc | 2013 |
| 650 ## - SUBJECT ADDED ENTRY--TOPICAL TERM | |
| Topical term or geographic name as entry element | Health Sciences |
| 856 ## - ELECTRONIC LOCATION AND ACCESS | |
| Uniform Resource Identifier | <a href="http://www.jstor.org/stable/10.7249/j.ctt5vjwr1">http://www.jstor.org/stable/10.7249/j.ctt5vjwr1</a> |
| Withdrawn status | Lost status | Damaged status | Home library | Current library | Date acquired | Total Checkouts | Date last seen | Price effective from | Koha item type |
|---|---|---|---|---|---|---|---|---|---|
| College Library | College Library | 12/12/2017 | 12/12/2017 | 12/12/2017 | Curriculum - Based eBooks |